Normal view
MARC view
- زغبوش،بنعيسى ، علوي،إسماعيل
Entry Personal Name
001 - CONTROL NUMBER
- control field: 30876
003 - CONTROL NUMBER IDENTIFIER
- control field: JO-AjAnu
005 - DATE AND TIME OF LATEST TRANSACTION
- control field: 20230606075214.0
008 - FIXED-LENGTH DATA ELEMENTS
- fixed length control field: 230606|| aca||aabn | a|a d
040 ## - CATALOGING SOURCE
- Original cataloging agency: JO-AjAnu
- Transcribing agency: JO-AjAnu
100 ## - HEADING--PERSONAL NAME
- Personal name: زغبوش،بنعيسى ، علوي،إسماعيل
670 ## - SOURCE DATA FOUND
- Source citation: Work cat.: (JO-AjAnu)15857: زغبوش،بنعيسى ، علوي،إسماعيل, author, الإرشاد النفسي المعرفي والوساطة التربوية :تقنيات المقابلة والإنصات وتدبير الحوار